000 00950nam a2200289 a 4500
003 DO-SdBNP
005 20240228140125.0
007 ta
008 220603e2016 dr ||||jr|||| 001 fdspa d
020 _a9789945193732
040 _aDO-SdBNP
_bspa
_cBNPHU
082 4 _222
_bP438h
100 1 _aPérez de la Iglesia, Janina,
_d1969-
_979801
245 1 0 _aHormiga con corbata. /
_cJanina Pérez de la Iglesia; Editor, Ruth Herrera.
260 _aSanto Domingo :
_bSantillana Infantil y Juvenil,
_c2016
300 _a247 p. ;
_c20 cm.
490 _aLoQueleo;
_v12
490 _aAzul / Novela
500 _aIncluye datos biográficos de la autora, p. 247
590 _aInventariado 2022 / MF
650 4 _99038
_aLiteratura Juvenil
_vRepública Dominicana
650 4 _937740
_aNovela Juvenil dominicana
700 1 _972670
_aHerrera, Ruth,
_bed
_eed.
830 _aLoQueleo;
_lspa
_n12
_pAzul / Novela;
_981779
910 _aMFeliz
942 _2ddc
_cLBS1
999 _c51927
_d51927